00672 2200229 4500001002100000005001700021008004100038035002400079040001200103082000800115090001500123100001900138245010700157260003100264300003100295650002000326850001200346990002100358990002100379990002100400990002100421YOGYA-0209000007131120090227093531.0 ind  0010-020900000071311 aYOPDYOG a610 a610bWir K aWIRYO, Hananto aKajian kritis makalah ilmiah kedokteran klinik menurut kedokteran berbasis bbukti (KBB)cHananto Wiryo aJakartabSagung Setoc2002 axiii, 159 hlmbilusc28 cm aIlmu Kedokteran aYOPDYOG a34891-PD/A.08b1 a34889-PD/A.08b1 a34890-PD/A.08b1 a34892-PD/A.08b1